00538 2200193 4500001002100000005001500021008004100036020002200077035001900099041000700118082001400125090001800139100002100157245008200178260003300260300003200293500000600325650001300331INLIS00000000000287220241224112621241224||||||||| | ||| |||| || |  a978-602-9419-06-1 0010-1224002872 aen0 a920.059 8 a920.059 8 MUF0 aM. Mufti Mubarok00aAnak Kampung Paling Fenomenal : Berguru Pada 10 Tokoh Inspiratif dan Inovatif aSurabayabReform Mediac2013 axvi, 240 hlm.; ilus.: 23 cm a3 0aBiografi